header

BUNNICULA-A Rabbit Tale of Mystery (Record no. 261400)

MARC details
000 -LEADER
fixed length control field 00272nam a22001097a 4500
020 ## - INTERNATIONAL STANDARD BOOK NUMBER
ISBN 9781534435933
100 ## - MAIN ENTRY--AUTHOR NAME
Personal name Deborah
245 ## - TITLE STATEMENT
Title BUNNICULA-A Rabbit Tale of Mystery
260 ## - PUBLICATION, DISTRIBUTION, ETC. (IMPRINT)
Place of publication New York
Name of publisher Atheneum Books for Young Readers
Year of publication 2019
300 ## - PHYSICAL DESCRIPTION
Number of Pages 101 pgs
942 ## - ADDED ENTRY ELEMENTS (KOHA)
Koha item type Long Loan Books
Holdings
Withdrawn status Lost status Collection code Home library Current library Shelving location Date acquired Accession Number Koha item type
    Fiction Rongo University Library Rongo University Library Children's Area 07/11/2023 CL20222020 Long Loan Books

© 2026 Rongo University
Contact us: librarian | system librarian | Rongo university